| 000 | 00488nam a2200205Ia 4500 | ||
|---|---|---|---|
| 005 | 20250425162127.0 | ||
| 008 | 250425s9999 xx 000 0 und d | ||
| 041 | _aspa | ||
| 043 | _aec | ||
| 082 | _a354.808 | ||
| 100 | _aILLINGWORTH NIEMES, JUAN JOSÉ | ||
| 245 | 0 | _aCONCRETANDO LA AUTONOMÍA DE GUAYAS | |
| 250 | _aS.E | ||
| 260 |
_aEcuador _bESPAE-ESPOL _c2001 |
||
| 260 | _aGUAYAQUIL | ||
| 300 | _a108 | ||
| 650 | _aAUTONOMIA PROVINCIAL | ||
| 942 | _c01 | ||
| 010 | _a51649 | ||
| 999 |
_c222882 _d222882 |
||